000 01173cam a2200313 a 4500
001 16381294
005 20201128021131.0
008 100809t2012 xxuadk frb 001 0 eng d
010 _a2010032038
020 _a9780071629386 (alk. paper)
020 _a0071629386 (alk. paper)
040 _aDLC
_cDLC
_dYDX
_dYDXCP
_dUKMGB
_dBWX
_dCDX
_dBDX
_dBTCTA
_dDLC
_dEG-ScBUE
082 0 0 _a332.632042
_222
_bPAL
100 1 _aPalicka, John
_936661
245 1 0 _aFusion analysis :
_bmerging fundamental, technical, behavioral, and quantitative analysis for risk-adjusted excess returns /
_cV. John Palicka.
260 _aNew York, United States :
_bMcGraw-Hill,
_cc.2012.
300 _axvi, 460 p. :
_bcharts, forms, tables ;
_c24 cm.
500 _aIndex : p. 443-460.
500 _aIncludes appendix.
504 _aBibliography : p. 425-441.
505 0 _aThe big picture-The fluctuating moves-The ticking clock-Fusion process.
650 0 _a Investment analysis
_91288
650 0 _aPortfolio management
_92032
650 0 _aInvestments
_99026
650 0 _aSecurities
_936505
653 _bBUSADM
_cNovember2014
655 _vreading book
_934232
942 _2ddc
_k332.632042 PAL
999 _c18665
_d18637